000 00673cam a22002293a 4500
001 27579
003 PGUSA
005 20140828083609.0
008 081220s2008||||xxu|||||s|||||000 | eng d
040 _aPGUSA
_beng
042 _adc
050 4 _aE300
100 1 _aBrown, William Garrott,
_d1868-1913
245 1 0 _aStephen Arnold Douglas
_h[electronic resource] /
_cWilliam Garrott Brown
260 _bProject Gutenberg,
_c2008
506 _aPublic domain in the USA.
516 _aElectronic text
653 _aDouglas, Stephen A. (Stephen Arnold), 1813-1861
830 0 _aProject Gutenberg
_v27579
856 4 0 _uhttp://www.gutenberg.org/ebooks/27579
942 _cEB
999 _c256834
_d256834